[Event "Olympiad Women 2018"]
[Site "Batumi GEO"]
[Date "2018.09.26"]
[Round "3.46"]
[Board "3"]
[White "Hotami, Mutriba"]
[Black "Miller, Rachel"]
[Result "1-0"]
[BlackTitle "CM"]
[WhiteElo "1840"]
[BlackElo "1859"]
[WhiteTeam "Tajikistan"]
[BlackTeam "Jamaica"]
[WhiteFideId "14700204"]
[BlackFideId "7401302"]
[EventDate "2018.09.24"]

1. e4 e5 2. Nf3 Nc6 3. Bc4 Bc5 4. c3 Nf6 5. d3 a6 6. Bb3 Ba7 7. Nbd2 O-O 8. h3
d5 9. Qe2 Re8 10. Nf1 dxe4 11. dxe4 Na5 12. Bc2 Qd6 13. Ng3 Be6 14. Nh4 Rad8 15.
Nhf5 Qc6 16. Qf3 Nc4 17. O-O Nd2 18. Bxd2 Rxd2 19. Rac1 Bc4 20. Bb3 Bxb3 21.
axb3 Rxb2 22. Rcd1 Nd7 23. Rxd7 Rxf2 24. Rxf2 Bxf2+ 25. Kh1 Qe6 26. Rd3 Ba7 27.
Qg4 g6 28. Nh6+ Kg7 29. Qxe6 Rxe6 30. Ng4 h5 31. Ne3 h4 32. Ne2 Rf6 33. Ng1 Rf4
34. Nf3 Rxe4 35. Nf1 Rf4 36. Rd1 e4 37. Nd4 c5 38. Ne2 Rf2 39. Re1 b5 40. c4 Bb8
41. Kg1 Rf6 42. cxb5 axb5 43. Nc3 c4 44. bxc4 Ba7+ 45. Kh2 bxc4 46. Nd2 Re6 47.
Ne2 f5 48. Nxc4 f4 49. Rb1 Bf2 50. Nd2 f3 51. Nc3 Bg3+ 52. Kg1 e3 53. Nxf3 e2
54. Ne1 Re3 55. Nd5 Re5 56. Nc3 Re3 57. Nb5 Re5 58. Nd4 Kh6 59. Ndf3 Re7 60. Nd3
Rd7 61. Nf2 g5 62. Rb6+ Kg7 63. Rb1 Re7 64. Ne1 Be5 65. Nf3 Bf4 66. Ng4 Bd6 67.
Rc1 Bb8 68. Ne1 Ba7+ 69. Nf2 Kh6 70. Nd3 Bd4 71. Rc6+ Kg7 72. Rc1 Kf6 73. Ne1
Kf5 74. Nd3 Kg6 75. Rc6+ Kg7 76. Rc1 Kg6 77. Rb1 Bc3 78. Ne1 Bd4 79. Nc2 Bc3 80.
Nd3 Ba5 81. Kf2 Bc7 82. Kf3 Bg3 83. Rb6+ Kh7 84. Nce1 Kg7 85. Kg4 Rd7 86. Kf3
Rxd3+ 87. Nxd3 e1=Q 88. Nxe1 Bxe1 89. Kg4 Bd2 90. Kf5 Kh7 91. Rg6 Be3 92. Rxg5
Kh6 93. Rg6+ Kh7 94. Rg4 Bf2 1-0

[Event "Olympiad Women 2018"]
[Site "Batumi GEO"]
[Date "2018.09.26"]
[Round "3.49"]
[Board "3"]
[White "Simenda, Daisy"]
[Black "Zavala Galindo, Alejandra Beatri"]
[Result "1/2-1/2"]
[WhiteElo "1509"]
[BlackElo "1713"]
[WhiteTeam "Zambia"]
[BlackTeam "El Salvador"]
[WhiteFideId "8707960"]
[BlackFideId "6703089"]
[EventDate "2018.09.24"]

1. e4 c5 2. Nf3 d6 3. d4 cxd4 4. Nxd4 Nf6 5. Nc3 Nc6 6. Be2 e5 7. Nf5 Nxe4 8.
Nxg7+ Bxg7 9. Nxe4 d5 10. Nc3 Be6 11. Bb5 O-O 12. O-O Nd4 13. Ba4 a6 14. Ne2
Nxe2+ 15. Qxe2 Qh4 16. Bb3 f5 17. f4 e4 18. c3 Bf7 19. Be3 b5 20. Bf2 Qe7 21.
Rad1 Rfd8 22. Qe1 a5 23. Bh4 Qc5+ 24. Kh1 Rd7 25. Qg3 Ra6 26. Qh3 d4 27. Bxf7+
Rxf7 28. cxd4 Bxd4 29. Rc1 Qf8 30. Rfd1 Rd6 31. Qg3+ Rg6 32. Qb3 Bf6 33. Bxf6
Rxf6 34. Qxb5 Qb4 35. Rc8+ Kg7 36. Qxb4 axb4 37. Rb8 e3 38. Kg1 Ra6 39. Rxb4
Rxa2 40. Re1 Re7 41. Rb3 Kg6 42. g3 Rd7 43. Rb6+ Kh5 44. h3 Rd2 45. Rb5 Raxb2
46. Rxb2 Rxb2 47. Rxe3 Kg6 48. Rf3 Kh5 49. Rf2 Rb3 50. Kg2 Ra3 51. Re2 Kg6 52.
Kf2 Kf6 53. Re3 Ra2+ 54. Kf3 Rh2 55. h4 h5 56. Rd3 Ra2 57. Rd6+ Kg7 58. Rd7+ Kf6
59. Rd8 Kg7 60. Rd7+ Kf6 61. Rh7 Kg6 62. Rh8 Ra3+ 63. Kg2 Ra2+ 64. Kh3 Ra5 65.
Rg8+ Kh6 66. Kg2 Ra2+ 67. Kf3 Ra5 68. Ke3 Rd5 69. Re8 Kg6 70. Re6+ Kg7 71. Re5
Rxe5+ 72. fxe5 Kf7 73. Kf4 Ke6 74. Kg5 Kxe5 75. Kxh5 Kf6 76. g4 fxg4 77. Kxg4
Kg6 78. h5+ Kh7 79. Kg5 Kg7 80. h6+ Kh8 1/2-1/2

[Event "Olympiad Women 2018"]
[Site "Batumi GEO"]
[Date "2018.09.26"]
[Round "3.55"]
[Board "4"]
[White "Nuha, Rilwan"]
[Black "Zengeni, Paidaishe"]
[Result "1-0"]
[BlackTitle "WCM"]
[WhiteElo "1053"]
[BlackElo "1528"]
[WhiteTeam "Maldives"]
[BlackTeam "Zimbabwe"]
[WhiteFideId "16700899"]
[BlackFideId "11000660"]
[EventDate "2018.09.24"]

1. e4 c5 2. Nc3 e6 3. f4 a6 4. Nf3 Qc7 5. d3 d6 6. Be2 Nf6 7. b3 b5 8. a3 b4 9.
axb4 cxb4 10. Na4 d5 11. e5 Nfd7 12. d4 Nc6 13. Be3 Bb7 14. Qd3 Na7 15. O-O g6
16. Bd2 Bc6 17. Rfc1 Bb5 18. Qe3 Bxe2 19. Qxe2 Nb5 20. Nb2 Nc3 21. Bxc3 bxc3 22.
Nd1 a5 23. Qd3 Bb4 24. h3 O-O 25. Nh2 f6 26. Nf3 fxe5 27. fxe5 h6 28. Qxg6+ Kh8
29. Qxh6+ Kg8 30. Qxe6+ Rf7 31. Ng5 Rf8 32. Nxf7 Rxf7 33. Qxd5 Nb6 34. Qe4 Qe7
35. Ne3 Qe6 36. Ng4 Rg7 37. Rf1 Nd5 38. Rf2 Ne7 39. Raf1 Ba3 40. Rf8# 1-0